<?xml version="1.0" encoding="UTF-8"?>
<record
    xmlns:xsi="http://www.w3.org/2001/XMLSchema-instance"
    xsi:schemaLocation="http://www.loc.gov/MARC21/slim http://www.loc.gov/standards/marcxml/schema/MARC21slim.xsd"
    xmlns="http://www.loc.gov/MARC21/slim">

  <leader>00768nam a2200217Ia 4500</leader>
  <controlfield tag="001">10899</controlfield>
  <controlfield tag="003">GE_BSU</controlfield>
  <controlfield tag="008">181216s||||||||xx |||||||||||||| ||und||</controlfield>
  <datafield tag="040" ind1=" " ind2=" ">
    <subfield code="c">GE_BSU</subfield>
  </datafield>
  <datafield tag="080" ind1=" " ind2=" ">
    <subfield code="a">031(=161.1)</subfield>
  </datafield>
  <datafield tag="245" ind1=" " ind2=" ">
    <subfield code="a">&#x411;&#x43E;&#x43B;&#x44C;&#x448;&#x430;&#x44F; &#x421;&#x43E;&#x432;&#x435;&#x442;&#x441;&#x43A;&#x430;&#x44F; &#x42D;&#x43D;&#x446;&#x438;&#x43A;&#x43B;&#x43E;&#x43F;&#x435;&#x434;&#x438;&#x44F;</subfield>
  </datafield>
  <datafield tag="245" ind1=" " ind2=" ">
    <subfield code="b">&#x422;.38.&#x421;&#x430;&#x43C;&#x43E;&#x439;&#x43B;&#x43E;&#x432;&#x43A;&#x430;-&#x421;&#x438;&#x433;&#x438;&#x43B;&#x43B;&#x44F;&#x440;&#x438;&#x438;.</subfield>
  </datafield>
  <datafield tag="245" ind1=" " ind2=" ">
    <subfield code="c">&#x413;&#x43B;. &#x440;&#x435;&#x434;. &#x411;.&#x410;. &#x412;&#x432;&#x435;&#x434;&#x435;&#x43D;&#x441;&#x43A;&#x438;&#x439;,&#x447;&#x43B;&#x435;&#x43D;&#x44B; &#x433;&#x43B;&#x430;&#x432;. &#x440;&#x435;&#x434;&#x430;&#x43A;&#x446;&#x438;&#x439;:&#x41D;.&#x41D;.&#x410;&#x43D;&#x438;&#x447;&#x43A;&#x43E;&#x432;,&#x410;.&#x41D;.&#x411;&#x430;&#x440;&#x430;&#x43D;&#x43E;&#x432;,&#x438; &#x434;&#x440;.</subfield>
  </datafield>
  <datafield tag="250" ind1=" " ind2=" ">
    <subfield code="a">2-&#x435; &#x438;&#x437;&#x434;.</subfield>
  </datafield>
  <datafield tag="260" ind1=" " ind2=" ">
    <subfield code="a">&#x41C;&#x43E;&#x441;&#x43A;&#x432;&#x430;</subfield>
  </datafield>
  <datafield tag="260" ind1=" " ind2=" ">
    <subfield code="b">&#x413;&#x43E;&#x441;&#x443;&#x434;&#x430;&#x440;&#x441;&#x442;&#x432;&#x435;&#x43D;&#x43D;&#x43E;&#x435; &#x43D;&#x430;&#x443;&#x447;. &#x438;&#x437;-&#x442;&#x432;&#x43E;.</subfield>
  </datafield>
  <datafield tag="260" ind1=" " ind2=" ">
    <subfield code="c">1955.</subfield>
  </datafield>
  <datafield tag="300" ind1=" " ind2=" ">
    <subfield code="a">665&#x441;&#x442;&#x440;;&#x438;&#x43B;&#x43B;,28&#x441;&#x43C;.</subfield>
  </datafield>
  <datafield tag="653" ind1=" " ind2=" ">
    <subfield code="a">&#x411;&#x43E;&#x43B;&#x44C;&#x448;&#x430;&#x44F; &#x421;&#x43E;&#x432;&#x435;&#x442;&#x441;&#x43A;&#x430;&#x44F; &#x42D;&#x43D;&#x446;&#x438;&#x43A;&#x43B;&#x43E;&#x43F;&#x435;&#x434;&#x438;&#x44F;</subfield>
  </datafield>
  <datafield tag="942" ind1=" " ind2=" ">
    <subfield code="c">BK</subfield>
  </datafield>
  <datafield tag="999" ind1=" " ind2=" ">
    <subfield code="c">44141</subfield>
    <subfield code="d">44141</subfield>
  </datafield>
  <datafield tag="952" ind1=" " ind2=" ">
    <subfield code="0">0</subfield>
    <subfield code="1">0</subfield>
    <subfield code="4">0</subfield>
    <subfield code="7">0</subfield>
    <subfield code="9">56780</subfield>
    <subfield code="d">2018-12-17</subfield>
    <subfield code="p">18773</subfield>
    <subfield code="r">2018-12-17</subfield>
    <subfield code="w">2018-12-17</subfield>
    <subfield code="y">BK</subfield>
  </datafield>
</record>
